| 000 | 00717nam a2200193 4500 | ||
|---|---|---|---|
| 008 | 171003b xxu||||| |||| 00| 0 eng d | ||
| 020 | _a0-471-11030-2 (pbk. : alk. paper) | ||
| 082 |
_21995 _aDC 519.5 _bC39 |
||
| 100 |
_922946 _aChatterjee, Samprit, 1938- |
||
| 245 |
_aA casebook for a first course in statistics and data analysis / _cSamprit Chatterjee, Mark S. Handcock, Jeffrey S. Simonoff |
||
| 260 |
_aNew York : _bWiley, _c©1995. |
||
| 300 |
_axi, 314 pages : _billustrations ; _c26 cm |
||
| 500 | _aIncludes index. | ||
| 650 | 0 |
_922947 _aStatistics -- Case studies |
|
| 700 |
_922948 _aHandcock, Mark Stephen, 1961- |
||
| 700 |
_922949 _aSimonoff, Jeffrey S |
||
| 365 |
_b1,786.00 _cPhp |
||
| 942 |
_2ddc _cDC |
||
| 999 |
_c7593 _d7593 |
||